000 01165cam a2200349 a 4500
001 4277
003 FISKH
005 20241108104731.0
008 050128s2006 nyua a 000 1 eng
010 _a 2005002662
020 _a0060741651 (lib. bdg.)
020 _a0060741643
040 _aDLC
_cDLC
_dDLC
_beng
050 _aLT4221.5
082 _a813
100 1 _aCapucilli, Alyssa Satin,
_d1957-
245 1 0 _aBiscuit visits the big city /
_cstory by Alyssa Satin Capucilli ; pictures by Pat Schories.
250 _aFirst Scholastic printing, January 2007
260 _aNew York :
_bScholastic,
_c2006.
300 _a31 pages :
_bcolor illustrations ;
_c22 cm
490 1 _aMy first I can read book
505 _aE
520 _aOn his first visit to the city, an excited puppy sees tall buildings, hears loud buses, and tries to say hello to everyone he meets.
521 8 _a230
_bLexile
521 8 _aE
_bRaz-Plus
650 1 _aDogs
_vFiction.
650 1 _aCity and town life
_vFiction.
700 1 _aSchories, Pat,
_eillustrator
906 _a7
_bcbc
_corignew
_d1
_eecip
_f20
_gy-gencatlg
942 _2ddc
_cBK
_n0
999 _c4277
_d4277